书目信息 |
| 题名: |
植物造景
|
|
| 作者: | 苏雪痕 编著 | |
| 分册: | ||
| 出版信息: | 北京 中国林业出版社 1994.4 |
|
| 页数: | 150页 | |
| 开本: | 21×18cm | |
| 丛书名: | ||
| 单 册: | ||
| 中图分类: | S688.5 | |
| 科图分类: | ||
| 主题词: | 园林植物--景观--设计 , 园林植物 , 景观 | |
| 电子资源: | ||
| ISBN: | 7-5038-1067-X | |
| 000 | 00636nam0 2200241 450 | |
| 001 | 012015000411 | |
| 005 | 20150914162641.87 | |
| 010 | @a7-5038-1067-X@dCNY30.00 | |
| 100 | @a19931218d1994 em y0chiy0110 ea | |
| 101 | 0 | @achi |
| 102 | @aCN@b110000 | |
| 105 | @af z 000yy | |
| 106 | @ar | |
| 200 | 1 | @a植物造景@9zhi wu zao jing@f苏雪痕编著 |
| 210 | @a北京@c中国林业出版社@d1994.4 | |
| 215 | @a150页@c彩照@d21×18cm | |
| 606 | 0 | @a园林植物@x景观@x设计 |
| 606 | 0 | @a园林植物 |
| 606 | 0 | @a景观 |
| 690 | @aS688.5@v三版 | |
| 701 | 0 | @a苏雪痕@9su xue hen@4编著 |
| 801 | 0 | @aCN@b碧洲教育@c20150716 |
| 905 | @a10447@f4@dS688.5@e372 | |
| 植物造景/苏雪痕编著.-北京:中国林业出版社,1994.4 |
| 150页:彩照;21×18cm |
| ISBN 7-5038-1067-X:CNY30.00 |
| ● |
| 相关链接 |
|
|
|
|
正题名:植物造景
索取号:S688.5/372
 
预约/预借
| 序号 | 登录号 | 条形码 | 馆藏地/架位号 | 状态 | 备注 |
| 1 | 0849405 | 208494057 | 第二样本阅览室/ [索取号:S688.5/372] | 在馆 | |
| 2 | 0849406 | 208494066 | 第三借阅区/ [索取号:S688.5/372] | 在馆 | |
| 3 | 0849407 | 208494075 | 第三借阅区/ [索取号:S688.5/372] | 在馆 | |
| 4 | 0849408 | 208494084 | 密集书库-生命科学系/ [索取号:S688.5/372] | 在馆 |